[Event "Basel Christmas op"]
[Site "Basel"]
[Date "2023.12.29"]
[Round "7"]
[White "Butenandt, Svenja"]
[Black "Georgiadis, Anastasios"]
[Result "1/2-1/2"]
[WhiteElo "2226"]
[BlackElo "2084"]
[PlyCount "32"]
[EventDate "2023.12.26"]
[EventType "swiss"]
[EventRounds "9"]
[EventCountry "SUI"]
[SourceTitle "CB02_2024"]
[SourceDate "2024.01.10"]
[SourceVersion "1"]
[SourceVersionDate "2024.01.10"]
[SourceQuality "1"]

1. d4 Nf6 2. c4 e6 3. Nc3 Bb4 4. e3 0-0 5. Bd2 b6 6. Bd3 Bb7 7. Nf3 d6 8. 0-0 Nbd7 9. a3 Bxc3 10. Bxc3 Qe7 11. b4 Ne4 12. Bb2 f5 13. Nd2 Qg5 14. f4 Qg6 15. Nxe4 Bxe4 16. Bxe4 fxe4 1/2-1/2

[Event "Basel Christmas op"]
[Site "Basel"]
[Date "2023.12.26"]
[Round "1"]
[White "Georgiadis, Anastasios"]
[Black "Hasenohr, Benedict"]
[Result "1-0"]
[WhiteElo "2084"]
[BlackElo "2318"]
[PlyCount "119"]
[EventDate "2023.12.26"]
[EventType "swiss"]
[EventRounds "9"]
[EventCountry "SUI"]
[SourceTitle "CB02_2024"]
[SourceDate "2024.01.10"]
[SourceVersion "1"]
[SourceVersionDate "2024.01.10"]
[SourceQuality "1"]

1. d4 d5 2. c4 e6 3. Nc3 Nf6 4. cxd5 exd5 5. Bg5 c6 6. e3 Be7 7. Bd3 0-0 8. Qc2 h6 9. Bf4 Ne8 10. Nf3 Nd6 11. h3 Be6 12. 0-0 Qc8 13. Rac1 Nd7 14. Ne5 Rd8 15. Qe2 Nf8 16. f3 f6 17. Ng6 Nxg6 18. Bxg6 Qd7 19. Bd3 Bf8 20. e4 Re8 21. e5 Bf5 22. Rfe1 fxe5 23. Bxe5 Bxd3 24. Qxd3 Qf5 25. Qd1 Nc4 26. g4 Qg5 27. f4 Qh4 28. Qf3 Nxb2 29. f5 Nc4 30. Kg2 Bd6 31. f6 Rf8 32. Nxd5 Rae8 33. Bxd6 Rxe1 34. Ne7+ Rxe7 35. fxe7 Rxf3 36. e8Q+ Kh7 37. Qe4+ Kg8 38. Qxf3 Nxd6 39. d5 Qg5 40. Rd1 Nc4 41. Re1 cxd5 42. Re8+ Kh7 43. h4 Qg6 44. Qf5 Qxf5 45. gxf5 d4 46. Kf3 Nd6 47. Re7 Kg8 48. h5 d3 49. Rd7 Nc4 50. Rxb7 a5 51. Rc7 Nb2 52. Ke3 a4 53. Rb7 a3 54. Kd2 Kf8 55. Rc7 Kg8 56. Kc3 Kf8 57. Rd7 Kg8 58. Kb3 Kf8 59. Kxa3 Ke8 60. Rd6 1-0

[Event "Wch U14"]
[Site "Montesilvano"]
[Date "2023.11.20"]
[Round "7"]
[White "Georgiadis, Anastasios"]
[Black "Averin, Nikolay"]
[Result "1-0"]
[WhiteElo "2001"]
[BlackElo "2270"]
[PlyCount "53"]
[EventDate "2023.11.13"]
[EventType "swiss"]
[EventRounds "11"]
[EventCountry "ITA"]
[SourceTitle "CB48_2023"]
[SourceDate "2023.11.29"]
[SourceVersion "1"]
[SourceVersionDate "2023.11.29"]
[SourceQuality "1"]

1. d4 d5 2. c4 e6 3. Nc3 Nf6 4. cxd5 exd5 5. Bg5 c6 6. e3 Bd6 7. Bd3 Nbd7 8. Qc2 Nf8 9. 0-0-0 Ng6 10. Nge2 Be6 11. f3 Be7 12. Ng3 Nd7 13. Bxe7 Nxe7 14. Nh5 Kf8 15. Nf4 g6 16. Nxe6+ fxe6 17. h4 Qe8 18. h5 Kg7 19. Rh3 gxh5 20. Rdh1 Nf8 21. Rxh5 Nfg6 22. g4 Qf7 23. f4 Ng8 24. Bxg6 Qxg6 25. Rg5 Ne7 26. Rxg6+ hxg6 27. Rxh8 1-0

[Event "Wch U14"]
[Site "Montesilvano"]
[Date "2023.11.15"]
[Round "3"]
[White "Georgiadis, Anastasios"]
[Black "Sowinski, Pawel"]
[Result "0-1"]
[WhiteElo "2001"]
[BlackElo "2347"]
[PlyCount "66"]
[EventDate "2023.11.13"]
[EventType "swiss"]
[EventRounds "11"]
[EventCountry "ITA"]
[SourceTitle "CB48_2023"]
[SourceDate "2023.11.29"]
[SourceVersion "1"]
[SourceVersionDate "2023.11.29"]
[SourceQuality "1"]

1. d4 Nf6 2. c4 g6 3. Nc3 Bg7 4. e4 d6 5. h3 0-0 6. Be3 e5 7. d5 Na6 8. g4 Nc5 9. f3 c6 10. Qd2 cxd5 11. cxd5 Ne8 12. 0-0-0 Qa5 13. Kb1 Bd7 14. h4 Rb8 15. Nb5 Qb6 16. Na3 f5 17. gxf5 gxf5 18. Bd3 fxe4 19. Bxe4 Nf6 20. Bc2 Nh5 21. Nh3 Rxf3 22. Ng5 Rxe3 23. Bxh7+ Kh8 24. Nc4 Qa6 25. Nxe3 Rf8 26. Qc2 Nf4 27. Bf5 Ba4 28. b3 e4 29. Qc4 Bb5 30. Qc2 Ne2 31. a4 Nc3+ 32. Kc1 Bd3 33. Rxd3 exd3 0-1

[Event "GRE-chT 50th"]
[Site "Nikaia"]
[Date "2023.08.26"]
[Round "2.9"]
[White "Georgiadis, Anastasios"]
[Black "Petridis, Dimitrios Panagioti"]
[Result "1-0"]
[WhiteElo "1929"]
[BlackElo "1523"]
[PlyCount "107"]
[EventDate "2023.08.25"]
[EventType "team"]
[EventRounds "9"]
[EventCountry "GRE"]
[SourceTitle "EXT 2024"]
[Source "ChessBase"]
[SourceDate "2023.10.10"]
[SourceVersion "1"]
[SourceVersionDate "2023.10.10"]
[SourceQuality "1"]
[WhiteTeam "Ames Neas Erythreas"]
[BlackTeam "Sath Likos Pirgos"]
[WhiteTeamCountry "GRE"]
[BlackTeamCountry "GRE"]

1. d4 Nf6 2. c4 e6 3. Nf3 Bb4+ 4. Nbd2 b6 5. a3 Bxd2+ 6. Bxd2 d6 7. Bg5 h6 8. Bh4 Nbd7 9. Nd2 g5 10. Bg3 Nh5 11. e3 Nxg3 12. hxg3 Bb7 13. Qc2 Qe7 14. 0-0-0 0-0-0 15. g4 c5 16. Nf3 Kb8 17. Be2 Nf6 18. dxc5 bxc5 19. Ne1 e5 20. Kb1 e4 21. Qc3 Qe6 22. Nc2 Nd7 23. f3 Ne5 24. Rhf1 Rhg8 25. Ka1 f5 26. gxf5 Qxf5 27. f4 Ng4 28. b4 Ka8 29. Rb1 gxf4 30. exf4 Qf6 31. Qxf6 Nxf6 32. Ne3 Rg3 33. Nf5 Rxa3+ 34. Kb2 cxb4 35. Rfd1 d5 36. cxd5 Rxd5 37. g4 a5 38. Nxh6 Rxd1 39. Rxd1 Nd5 40. f5 Nf4 41. f6 Re3 42. Bc4 Rf3 43. f7 Nd3+ 44. Bxd3 exd3 45. Nf5 Rf2+ 46. Ka1 Ra2+ 47. Kxa2 Bd5+ 48. Kb2 Bxf7 49. Rxd3 Bc4 50. Rd4 Be6 51. Ne3 Ka7 52. g5 Bg8 53. g6 Kb6 54. Rd8 1-0

[Event "GRE-ch U14"]
[Site "Peristeri"]
[Date "2023.07.03"]
[Round "1"]
[White "Gkikopoulos, Alexandros"]
[Black "Georgiadis, Anastasios"]
[Result "0-1"]
[WhiteElo "1379"]
[BlackElo "1885"]
[PlyCount "112"]
[EventDate "2023.07.03"]
[EventType "swiss"]
[EventRounds "9"]
[EventCountry "GRE"]
[SourceTitle "EXT 2024"]
[Source "ChessBase"]
[SourceDate "2023.10.10"]
[SourceVersion "1"]
[SourceVersionDate "2023.10.10"]
[SourceQuality "1"]

1. e4 c5 2. Nf3 d6 3. d4 cxd4 4. Qxd4 Nc6 5. Qe3 g6 6. Be2 Bg7 7. 0-0 Nf6 8. h3 0-0 9. c4 b6 10. Nc3 Bb7 11. a3 Rc8 12. Nd2 e6 13. b4 d5 14. Qg3 Nxe4 15. Ndxe4 dxe4 16. Rd1 Qe7 17. Ra2 f5 18. Nb5 Be5 19. Bf4 Bxf4 20. Qxf4 e5 21. Qe3 Rcd8 22. Rad2 Rxd2 23. Rxd2 f4 24. Qxe4 Nd4 25. Qd3 Nxe2+ 26. Qxe2 Bxg2 27. Qg4 Bc6 28. Nxa7 Be8 29. Nc8 Qc7 30. Qe6+ Bf7 31. Ne7+ Kg7 32. Qd7 Qxc4 33. Qd6 Qe6 34. Qxe6 Bxe6 35. Rd6 Bxh3 36. Rxb6 Ra8 37. Rb5 Rxa3 38. Rxe5 Rb3 39. Nd5 Bf5 40. Re7+ Kh6 41. Nxf4 Rxb4 42. Ng2 g5 43. Kh2 Kg6 44. Re3 h5 45. Kg3 h4+ 46. Kh2 Rb2 47. Kg1 h3 48. Ne1 g4 49. Rg3 Rb1 50. Re3 Rb2 51. Rc3 Kg5 52. Ra3 Rb1 53. Re3 Kf4 54. Kh2 g3+ 55. Kg1 h2+ 56. Kg2 Be4+ 0-1

[Event "Chalkida Evoiki op 5th"]
[Site "Chalkida"]
[Date "2023.01.08"]
[Round "6"]
[White "Makridis, Dimitrios"]
[Black "Georgiadis, Anastasios"]
[Result "1-0"]
[WhiteElo "2374"]
[BlackElo "1995"]
[PlyCount "93"]
[EventDate "2023.01.05"]
[EventType "swiss"]
[EventRounds "7"]
[EventCountry "GRE"]
[SourceTitle "CBM 212 Extra"]
[Source "ChessBase"]
[SourceDate "2023.03.31"]
[SourceVersion "1"]
[SourceVersionDate "2023.03.31"]
[SourceQuality "1"]

1. e4 e6 2. d4 d5 3. Nc3 Nf6 4. e5 Nfd7 5. f4 c5 6. Nf3 Nc6 7. Be3 cxd4 8. Nxd4 Bc5 9. Qd2 0-0 10. 0-0-0 Bxd4 11. Bxd4 Qa5 12. Kb1 Rb8 13. h4 b5 14. h5 b4 15. Ne2 Nc5 16. Bxc5 Qxc5 17. Nc1 a5 18. Rh3 a4 19. Rg3 f5 20. exf6 Rxf6 21. Nd3 Qf8 22. Re3 Ba6 23. g3 Bxd3 24. Bxd3 a3 25. Rde1 Qd6 26. Bc4 Na5 27. Bb3 axb2 28. Qd4 Qb6 29. Qxb6 Rxb6 30. Kxb2 Nc4+ 31. Bxc4 dxc4 32. Re4 Rc6 33. Re5 Kf7 34. Rb5 Rf5 35. Ree5 Rxe5 36. fxe5 b3 37. cxb3 cxb3 38. a4 Rc2+ 39. Kxb3 Rg2 40. Rb7+ Kf8 41. a5 Rxg3+ 42. Kb4 Rg4+ 43. Kb5 Rg5 44. a6 Rxe5+ 45. Kb6 Re1 46. a7 Ra1 47. Kc5 1-0

[Event "Chalkida Evoiki op 5th"]
[Site "Chalkida"]
[Date "2023.01.07"]
[Round "4"]
[White "Toumpakari, Maria"]
[Black "Georgiadis, Anastasios"]
[Result "0-1"]
[WhiteElo "1397"]
[BlackElo "1995"]
[PlyCount "76"]
[EventDate "2023.01.05"]
[EventType "swiss"]
[EventRounds "7"]
[EventCountry "GRE"]
[SourceTitle "CBM 212 Extra"]
[Source "ChessBase"]
[SourceDate "2023.03.31"]
[SourceVersion "1"]
[SourceVersionDate "2023.03.31"]
[SourceQuality "1"]

1. e4 c5 2. Nf3 d6 3. d4 cxd4 4. Nxd4 Nf6 5. Nc3 a6 6. Qd3 Nbd7 7. Be2 g6 8. a4 Bg7 9. f3 b6 10. Be3 Bb7 11. Rd1 Qc7 12. Qc4 Rc8 13. Qxc7 Rxc7 14. Nb3 0-0 15. 0-0 Nc5 16. Bd4 Nfd7 17. Bxg7 Kxg7 18. Nd2 Bc6 19. Ra1 Bb7 20. Bc4 Ne5 21. Bd5 e6 22. Bxb7 Nxb7 23. Rfd1 Rd8 24. h3 Na5 25. Kf2 Nec6 26. Na2 d5 27. b4 Nb7 28. exd5 Rxd5 29. c4 Rd4 30. Rac1 Ne5 31. Ke3 Rcd7 32. Nc3 a5 33. Rb1 Rd3+ 34. Kf4 Rxc3 35. Kxe5 Rcd3 36. Kf4 Rxd2 37. Rxd2 Rxd2 38. bxa5 Nxa5 0-1

[Event "Chalkida Evoiki op 5th"]
[Site "Chalkida"]
[Date "2023.01.06"]
[Round "3"]
[White "Georgiadis, Anastasios"]
[Black "Papasimakopoulos, Alexandros"]
[Result "0-1"]
[WhiteElo "1995"]
[BlackElo "2334"]
[PlyCount "100"]
[EventDate "2023.01.05"]
[EventType "swiss"]
[EventRounds "7"]
[EventCountry "GRE"]
[SourceTitle "CBM 212 Extra"]
[Source "ChessBase"]
[SourceDate "2023.03.31"]
[SourceVersion "1"]
[SourceVersionDate "2023.03.31"]
[SourceQuality "1"]

1. d4 e6 2. e4 d5 3. exd5 exd5 4. Nf3 Bg4 5. h3 Bh5 6. Bd3 Bd6 7. 0-0 Ne7 8. Re1 Nbc6 9. c3 Qd7 10. a4 Bg6 11. Na3 a6 12. Nc2 0-0 13. b4 Bxd3 14. Qxd3 Qf5 15. Qxf5 Nxf5 16. Ba3 h5 17. g4 hxg4 18. hxg4 Nh6 19. Ne3 Ne7 20. Kg2 f6 21. Rh1 Ng6 22. Nxd5 Nxg4 23. Nh4 Nxh4+ 24. Rxh4 Nh6 25. c4 c6 26. Ne3 f5 27. c5 Be7 28. Rh3 Rad8 29. Bb2 Bf6 30. Rd1 f4 31. Nc4 Rd5 32. Nd6 b5 33. axb5 axb5 34. Kf3 Kh7 35. Ke4 g5 36. f3 Kg6 37. Ra1 Nf5 38. Nxf5 Re8+ 39. Kd3 Kxf5 40. Ra6 Re3+ 41. Kc2 Bxd4 42. Bxd4 Rxd4 43. Rxc6 Rc4+ 44. Kd2 Rxb4 45. Rd6 Rb2+ 46. Kc1 Rf2 47. c6 b4 48. Rhh6 Re1+ 49. Rd1 Rxd1+ 50. Kxd1 Rxf3 0-1

[Event "GRE-ch U14"]
[Site "Thessaloniki"]
[Date "2022.08.18"]
[Round "1"]
[White "Choullis, Agisilaos Georgios"]
[Black "Georgiadis, Anastasios"]
[Result "0-1"]
[WhiteElo "1227"]
[BlackElo "1774"]
[PlyCount "66"]
[EventDate "2022.08.18"]
[EventType "swiss"]
[EventRounds "9"]
[EventCountry "GRE"]
[SourceTitle "EXT 2023"]
[Source "ChessBase"]
[SourceDate "2022.10.05"]
[SourceVersion "1"]
[SourceVersionDate "2022.10.05"]
[SourceQuality "1"]

1. d4 Nf6 2. Bf4 e6 3. Nf3 d5 4. e3 Bd6 5. Bg3 0-0 6. Bd3 c5 7. c3 Nc6 8. Nbd2 Re8 9. Ne5 Qc7 10. f4 b6 11. Bh4 Be7 12. Bxf6 Bxf6 13. Qh5 g6 14. Qe2 c4 15. Bc2 Ne7 16. Ndf3 Bg7 17. h4 f6 18. Ng4 e5 19. Nf2 exf4 20. 0-0-0 Nf5 21. Bxf5 Rxe3 22. Qd2 Bxf5 23. g4 Bd3 24. Nxd3 Rxd3 25. Qg2 Rxd1+ 26. Rxd1 Re8 27. g5 Qe7 28. gxf6 Bxf6 29. Re1 Qd7 30. Rxe8+ Qxe8 31. Ne5 Qe6 32. Qe2 Bxe5 33. Kd2 f3 0-1

[Event "GRE-chT 49th"]
[Site "Thessaloniki"]
[Date "2022.08.17"]
[Round "7.8"]
[White "Stoimenidis, Dimitrios"]
[Black "Georgiadis, Anastasios"]
[Result "1-0"]
[WhiteElo "1967"]
[BlackElo "1774"]
[PlyCount "73"]
[EventDate "2022.08.12"]
[EventType "team-swiss"]
[EventRounds "7"]
[EventCountry "GRE"]
[SourceTitle "CBM 209 Extra"]
[Source "ChessBase"]
[SourceDate "2022.09.30"]
[SourceVersion "1"]
[SourceVersionDate "2022.09.30"]
[SourceQuality "1"]
[WhiteTeam "Thessaloniki Aris"]
[BlackTeam "Treis Asteres"]
[WhiteTeamCountry "GRE"]
[BlackTeamCountry "GRE"]

1. d4 Nf6 2. Bf4 e6 3. e3 d5 4. Nf3 Bd6 5. Ne5 c5 6. Bb5+ Kf8 7. 0-0 Qc7 8. Nd2 a6 9. Be2 Nbd7 10. Ndf3 Ne4 11. Nxd7+ Bxd7 12. Ne5 f6 13. Nxd7+ Qxd7 14. Bxd6+ Qxd6 15. c4 dxc4 16. Bxc4 Ke7 17. Qg4 Ng5 18. f4 h5 19. Qe2 Nf7 20. Qf3 Rab8 21. Rfd1 Rhd8 22. Qxh5 cxd4 23. Rxd4 Qc6 24. Bb3 Nd6 25. Qe2 Nf5 26. Rc4 Qb6 27. Rac1 Qxe3+ 28. Qxe3 Nxe3 29. Re4 Nd5 30. Rce1 Kf8 31. g3 Nc7 32. f5 exf5 33. Rh4 g5 34. Rh8+ Kg7 35. Rxd8 Rxd8 36. Re7+ Kh6 37. Rxc7 1-0

[Event "GRE-chT 49th"]
[Site "Thessaloniki"]
[Date "2022.08.16"]
[Round "6"]
[White "Georgiadis, Anastasios"]
[Black "Blitsas, Orestis"]
[Result "1-0"]
[WhiteElo "1774"]
[BlackElo "1660"]
[PlyCount "67"]
[EventDate "2022.08.12"]
[EventType "team-swiss"]
[EventRounds "7"]
[EventCountry "GRE"]
[SourceTitle "EXT 2024"]
[Source "ChessBase"]
[SourceDate "2023.10.10"]
[SourceVersion "1"]
[SourceVersionDate "2023.10.10"]
[SourceQuality "1"]
[WhiteTeam "Treis Asteres"]
[BlackTeam "Alexanthroepoles Ethnikos"]
[WhiteTeamCountry "GRE"]
[BlackTeamCountry "GRE"]

1. d4 d5 2. c4 c6 3. cxd5 cxd5 4. Bf4 Nf6 5. e3 Nc6 6. Nc3 Bf5 7. Qb3 Na5 8. Qa4+ Bd7 9. Qc2 Rc8 10. Bd3 e6 11. a3 Nc4 12. Nge2 Be7 13. h3 a6 14. 0-0 h6 15. Bxc4 Rxc4 16. Qd3 b5 17. f3 Bc8 18. b3 Rc6 19. e4 Bb7 20. e5 Nd7 21. Bd2 Qb6 22. f4 Rc8 23. Kh1 0-0 24. f5 exf5 25. Qxf5 Qe6 26. Qf3 Nb6 27. Nf4 Qd7 28. Nh5 Qc6 29. Rae1 Bxa3 30. Nf6+ Kh8 31. Bxh6 gxf6 32. exf6 Qxc3 33. Bg7+ Kg8 34. Qh5 1-0

[Event "Paleochora op 15th"]
[Site "Paleochora"]
[Date "2022.07.19"]
[Round "4"]
[White "Georgiadis, Anastasios"]
[Black "Bernadskiy, Vitaliy"]
[Result "0-1"]
[WhiteElo "1701"]
[BlackElo "2610"]
[PlyCount "158"]
[EventDate "2022.07.17"]
[EventType "swiss"]
[EventRounds "9"]
[EventCountry "GRE"]
[SourceTitle "CBM 209 Extra"]
[Source "ChessBase"]
[SourceDate "2022.09.30"]
[SourceVersion "1"]
[SourceVersionDate "2022.09.30"]
[SourceQuality "1"]

1. d4 g6 2. e4 Bg7 3. Nf3 d6 4. Bd3 Nd7 5. 0-0 e5 6. c3 Ngf6 7. Nbd2 0-0 8. Re1 Re8 9. Nf1 exd4 10. cxd4 c5 11. d5 Ng4 12. Ne3 Nxe3 13. Rxe3 a6 14. a4 Ne5 15. Nxe5 Bxe5 16. Re1 Qh4 17. g3 Qf6 18. Kg2 Bxb2 19. Bxb2 Qxb2 20. Rb1 Qd4 21. Bc2 Qc3 22. Re3 Qa5 23. Qe1 Qc7 24. a5 Bd7 25. Rb6 Bb5 26. Qc3 Rad8 27. f4 Qe7 28. Bd1 f6 29. Bf3 Qg7 30. Bg4 Re7 31. Be6+ Kh8 32. Qe1 g5 33. Qf2 Be8 34. fxg5 Qxg5 35. Rf3 Bg6 36. Bf5 Kg7 37. h4 Qh6 38. Bxg6 Qxg6 39. Rf5 Rdd7 40. Qf4 h5 41. Rxd6 Rxd6 42. Qxd6 Rxe4 43. Rf2 c4 44. Qc7+ Qf7 45. d6 Rd4 46. Rf4 Rd2+ 47. Rf2 c3 48. Qxc3 Rxd6 49. Rd2 Rc6 50. Qd4 Re6 51. Qd8 Re8 52. Qd6 Re5 53. Qd7 Rxa5 54. Qxf7+ Kxf7 55. Rd7+ Ke6 56. Rxb7 Rb5 57. Ra7 a5 58. Kf3 Kf5 59. Ra8 Rb3+ 60. Kg2 Ra3 61. Rh8 a4 62. Ra8 Ke4 63. Re8+ Kd4 64. Rd8+ Kc3 65. Rc8+ Kb2 66. Ra8 Kb3 67. Rb8+ Kc4 68. Rc8+ Kd3 69. Rd8+ Kc2 70. Ra8 Ra2 71. Kf3 a3 72. Rc8+ Kd2 73. Ra8 Ra1 74. Rd8+ Kc2 75. Kg2 Rb1 76. Ra8 Kb2 77. g4 hxg4 78. h5 a2 79. Rb8+ Kc2 0-1

[Event "GRE-ch U14 Attiki"]
[Site "Peristeri"]
[Date "2022.06.27"]
[Round "4"]
[White "Kazantzoglou, Stefanos"]
[Black "Georgiadis, Anastasios"]
[Result "1/2-1/2"]
[WhiteElo "1639"]
[BlackElo "1701"]
[PlyCount "74"]
[EventDate "2022.06.24"]
[EventType "swiss"]
[EventRounds "7"]
[EventCountry "GRE"]
[SourceTitle "EXT 2023"]
[Source "ChessBase"]
[SourceDate "2022.10.05"]
[SourceVersion "1"]
[SourceVersionDate "2022.10.05"]
[SourceQuality "1"]

1. e4 c5 2. Nf3 d6 3. d4 cxd4 4. Nxd4 Nf6 5. f3 e5 6. Nb3 d5 7. Bg5 d4 8. c3 Nc6 9. cxd4 Bb4+ 10. Bd2 Nxe4 11. Bxb4 Qh4+ 12. g3 Nxg3 13. hxg3 Qxh1 14. Ba3 Bh3 15. N1d2 0-0-0 16. Qc2 Bxf1 17. 0-0-0 Qh6 18. Rxf1 Kb8 19. dxe5 Nd4 20. Nxd4 Rxd4 21. Bc5 Rd5 22. Bb4 Rc8 23. Bc3 b5 24. Kb1 Rxc3 25. Qxc3 Qxd2 26. Qxd2 Rxd2 27. f4 Rg2 28. Rf3 Kc7 29. Ra3 Kb7 30. Rd3 Kc7 31. a3 h5 32. Ka2 Rf2 33. Kb3 h4 34. gxh4 Rxf4 35. Rg3 g6 36. e6 fxe6 37. Rxg6 Rxh4 1/2-1/2

[Event "GRE-chT 48th"]
[Site "Athens"]
[Date "2021.09.08"]
[Round "2.1"]
[White "Georgiadis, Anastasios"]
[Black "Gkavardinas, Antonios"]
[Result "1/2-1/2"]
[WhiteElo "1662"]
[BlackElo "2046"]
[PlyCount "68"]
[EventDate "2021.09.07"]
[EventType "team-swiss"]
[EventRounds "7"]
[EventCountry "GRE"]
[SourceTitle "CBM 204 Extra"]
[Source "ChessBase"]
[SourceDate "2021.11.30"]
[SourceVersion "1"]
[SourceVersionDate "2021.11.30"]
[SourceQuality "1"]
[WhiteTeam "Irakleiou"]
[BlackTeam "Evoiki ES"]
[WhiteTeamCountry "GRE"]
[BlackTeamCountry "GRE"]

1. d4 d5 2. Nf3 Nf6 3. g3 e6 4. Bg2 Be7 5. 0-0 0-0 6. c4 b6 7. cxd5 exd5 8. Nc3 c5 9. dxc5 bxc5 10. Nh4 Be6 11. Bg5 Nbd7 12. Qc2 Rb8 13. Bf4 Rb6 14. Nf5 Bxf5 15. Qxf5 d4 16. Na4 Rb4 17. Qc2 Nb6 18. Nxb6 Rxb6 19. b3 Nd5 20. Bd2 Qd7 21. Rac1 h5 22. Qc4 Nb4 23. Bxb4 Rxb4 24. Qd5 Qxd5 25. Bxd5 a5 26. h4 a4 27. Rc4 Rxc4 28. Bxc4 axb3 29. axb3 Ra8 30. Rd1 Kf8 31. Rd2 g6 32. Kg2 Kg7 33. Bd5 Rd8 34. Bc4 Ra8 1/2-1/2

[Event "GRE-ch U12"]
[Site "Patras"]
[Date "2021.09.02"]
[Round "6"]
[White "Georgiadis, Anastasios"]
[Black "Sarafis, Rafail"]
[Result "1/2-1/2"]
[WhiteElo "1638"]
[BlackElo "1541"]
[PlyCount "76"]
[EventDate "2021.08.30"]
[EventType "swiss"]
[EventRounds "9"]
[EventCountry "GRE"]
[SourceTitle "EXT 2022"]
[Source "ChessBase"]
[SourceDate "2021.10.06"]
[SourceVersion "1"]
[SourceVersionDate "2021.10.06"]
[SourceQuality "1"]

1. d4 Nf6 2. Nf3 e6 3. g3 b5 4. Bg2 Bb7 5. 0-0 Be7 6. a4 b4 7. c4 c5 8. dxc5 Bxc5 9. Nbd2 a5 10. Nb3 Be7 11. Nbd4 0-0 12. Bg5 Na6 13. Nb3 Qc7 14. Qd4 Rfc8 15. Rfd1 Rd8 16. Qe5 Qxe5 17. Nxe5 Bxg2 18. Kxg2 Nb8 19. Be3 Ra6 20. h3 d6 21. Nf3 Nc6 22. Nbd4 Nxd4 23. Bxd4 Ne4 24. Nd2 Nxd2 25. Rxd2 d5 26. cxd5 Rxd5 27. e4 Rd8 28. Rad1 Rad6 29. Be3 Rxd2 30. Rxd2 Rxd2 31. Bxd2 Bf6 32. b3 Bd4 33. f4 f6 34. Kf3 Kf7 35. Be3 Bxe3 36. Kxe3 Ke7 37. Kd4 Kd6 38. Kc4 Kc6 1/2-1/2

[Event "GRE-ch U12"]
[Site "Patras"]
[Date "2021.08.30"]
[Round "1"]
[White "Skembris, Simon Max"]
[Black "Georgiadis, Anastasios"]
[Result "0-1"]
[WhiteElo "1266"]
[BlackElo "1638"]
[PlyCount "56"]
[EventDate "2021.08.30"]
[EventType "swiss"]
[EventRounds "9"]
[EventCountry "GRE"]
[SourceTitle "EXT 2022"]
[Source "ChessBase"]
[SourceDate "2021.10.06"]
[SourceVersion "1"]
[SourceVersionDate "2021.10.06"]
[SourceQuality "1"]

1. e4 c5 2. Nf3 d6 3. d4 cxd4 4. Nxd4 Nf6 5. Nc3 a6 6. h3 e6 7. g4 Nfd7 8. Be3 b5 9. Qd2 Bb7 10. Bg2 Nc6 11. Bg5 Qc7 12. Nxc6 Bxc6 13. 0-0-0 f6 14. Bf4 Ne5 15. Qd4 Be7 16. Qe3 Qa5 17. Bf1 b4 18. Nb1 Qxa2 19. Bxe5 fxe5 20. f3 0-0 21. h4 Rfc8 22. Rd2 Ba4 23. Bd3 Bb5 24. Bxb5 axb5 25. Qb6 Rab8 26. Qe3 b3 27. Rhh2 Rc6 28. Nc3 Rxc3 0-1

[Event "EU-ch Amateur Online Final 1400/1700"]
[Site "Tornelo INT"]
[Date "2021.04.18"]
[Round "7"]
[White "Isik, Tuna"]
[Black "Georgiadis, Anastasios"]
[Result "1-0"]
[WhiteElo "1315"]
[BlackElo "1638"]
[PlyCount "77"]
[EventDate "2021.04.18"]
[EventType "swiss (rapid)"]
[EventRounds "9"]
[EventCountry "NET"]
[SourceTitle "EXT 2023"]
[Source "ChessBase"]
[SourceDate "2022.10.05"]
[SourceVersion "1"]
[SourceVersionDate "2022.10.05"]
[SourceQuality "1"]

1. d4 Nf6 2. Bf4 d5 3. e3 Bf5 4. c4 e6 5. Qb3 b6 6. Nc3 Bd6 7. Bg3 0-0 8. Nf3 Qe7 9. Be2 dxc4 10. Bxc4 Nbd7 11. Ne5 Bxe5 12. dxe5 Ne4 13. Nxe4 Bxe4 14. f3 Bg6 15. 0-0 Nc5 16. Qc3 Rad8 17. b4 Nd7 18. f4 c5 19. b5 Rfe8 20. Bf2 Kh8 21. g4 f5 22. g5 Bh5 23. a4 Nb8 24. Qc2 Qb7 25. Be2 Bxe2 26. Qxe2 Rd5 27. Be1 Red8 28. Rf3 Rd3 29. Rh3 g6 30. Qf2 Qe4 31. Qh4 R8d7 32. Qh6 Rg7 33. Bf2 Qb4 34. Qh4 Qb2 35. Re1 c4 36. e4 c3 37. Rxd3 c2 38. Be3 Nd7 39. Qf2 1-0

[Event "EU-ch Amateur Online 1400/1700"]
[Site "Tornelo INT"]
[Date "2021.04.17"]
[Round "1"]
[White "Georgiadis, Anastasios"]
[Black "Merkouropoulos, Dionysios"]
[Result "1-0"]
[WhiteElo "1638"]
[BlackElo "1405"]
[PlyCount "62"]
[EventDate "2021.04.17"]
[EventType "swiss (rapid)"]
[EventRounds "8"]
[EventCountry "NET"]
[SourceTitle "EXT 2023"]
[Source "ChessBase"]
[SourceDate "2022.10.05"]
[SourceVersion "1"]
[SourceVersionDate "2022.10.05"]
[SourceQuality "1"]

1. d4 d5 2. c4 e6 3. Nc3 Be7 4. Nf3 c6 5. Bf4 Nf6 6. e3 0-0 7. h3 Nbd7 8. Bd3 dxc4 9. Bxc4 c5 10. 0-0 Nb6 11. Bb3 c4 12. Bc2 Nbd5 13. Nxd5 Nxd5 14. Bg3 Bd6 15. Bxd6 Qxd6 16. Ne5 c3 17. bxc3 Nxc3 18. Qd3 g6 19. Qxc3 b6 20. Qc6 Qxc6 21. Nxc6 Bb7 22. Ne5 f6 23. Nf3 Rac8 24. Bb3 Kf7 25. Rac1 Rc6 26. Rxc6 Bxc6 27. Rc1 Rc8 28. d5 Bd7 29. dxe6+ Ke7 30. Rxc8 Bxc8 31. Nd4 Bb7 1-0

[Event "EU-ch Amateur Online 1400/1700"]
[Site "Tornelo INT"]
[Date "2021.04.17"]
[Round "4"]
[White "Kalamoukou, Giolanta"]
[Black "Georgiadis, Anastasios"]
[Result "0-1"]
[WhiteElo "1353"]
[BlackElo "1638"]
[PlyCount "50"]
[EventDate "2021.04.17"]
[EventType "swiss (rapid)"]
[EventRounds "8"]
[EventCountry "NET"]
[SourceTitle "EXT 2023"]
[Source "ChessBase"]
[SourceDate "2022.10.05"]
[SourceVersion "1"]
[SourceVersionDate "2022.10.05"]
[SourceQuality "1"]

1. d4 Nf6 2. c4 e6 3. Nf3 Bb4+ 4. Bd2 a5 5. g3 0-0 6. Bg2 d6 7. a3 Bxd2+ 8. Nbxd2 Nbd7 9. 0-0 Qe7 10. b4 a4 11. c5 e5 12. dxe5 Nxe5 13. Nxe5 dxe5 14. Nc4 e4 15. Qc2 Bd7 16. Rfd1 Bb5 17. Rd4 Rfe8 18. Rad1 Rad8 19. Rxd8 Rxd8 20. Rxd8+ Qxd8 21. Bxe4 Nxe4 22. Qxe4 Qd1+ 23. Kg2 Bc6 24. Ne3 Bxe4+ 25. f3 Qxe2+ 0-1